|
|
|
|
| LEADER |
01629nam a2200337 a 4500 |
| 001 |
7333 |
| 003 |
BD-DhAAL |
| 005 |
20221218121137.0 |
| 008 |
151124s1996 bg 000 1 beno |
| 999 |
|
|
|c 36364
|d 36364
|
| 010 |
|
|
|a 96904700
|
| 020 |
|
|
|a 9844100615
|
| 040 |
|
|
|a DLC
|c DLC
|d BD-DhAAL
|
| 050 |
0 |
0 |
|a PK1730.24.L5
|b K46 1996
|
| 082 |
|
|
|a 891.443
|
| 100 |
1 |
|
|a ইলিয়াস, আখতারুজ্জামান
|9 16528
|
| 245 |
1 |
0 |
|a খোয়াবনামা /
|c আখতারুজ্জামান ইলিয়াস.
|
| 246 |
|
|
|a Khoabnama
|
| 260 |
|
|
|a ঢাকা :
|b মাওলা ব্রাদার্স,
|c ২০০৮.
|
| 300 |
|
|
|a ৩৫২ পৃ.. ;
|c ২২ সে.মি.
|
| 500 |
|
|
|a Novel.
|
| 526 |
|
|
|a AAL
|
| 541 |
|
|
|a Development Book Agency, Donated By Akbar Ali Khan
|e 7333, 35037, 40190
|
| 546 |
|
|
|a In Bengali.
|
| 650 |
|
|
|a Bengali fiction
|y 20th century.
|9 16529
|
| 650 |
|
|
|a Bengali fiction.
|9 16530
|
| 852 |
|
|
|a Ayesha Abed Library
|c General Stacks
|
| 942 |
|
|
|2 ddc
|c BK
|
| 952 |
|
|
|0 0
|1 0
|2 ddc
|4 0
|6 891_443000000000000_ELI
|7 0
|9 57187
|a SCL
|b SCL
|c GEN
|d 2015-12-08
|g 300.00
|l 7
|m 26
|o 891.443 ELI
|p 3020007333
|r 2022-10-01
|s 2022-09-25
|t 1
|w 2015-12-08
|y BK
|
| 952 |
|
|
|0 0
|1 0
|2 ddc
|4 0
|6 891_443000000000000_ELI
|7 0
|9 65887
|a BRACUL
|b BRACUL
|c GEN
|d 2019-07-24
|e Development Book Agency
|g 396.00
|l 11
|m 155
|o 891.443 ELI
|p 3010035037
|q 2026-05-21
|r 2026-05-14
|s 2026-05-14
|t 2
|v 396.00
|w 2019-07-24
|y BK
|
| 952 |
|
|
|0 0
|1 0
|2 ddc
|4 0
|6 891_443000000000000_ELI
|7 1
|9 72517
|a BRACUL
|b BRACUL
|c AAKC
|d 2022-12-18
|e Donated by Akbar Ali Khan
|g 200.00
|l 0
|o 891.443 ELI
|p 3010040190
|r 2022-12-18
|t 3
|w 2022-12-18
|y BK
|